000 00670nam a2200253 a 4500
003 AR-BaBNM
005 20251128204646.0
008 082120s2002 ||||||||||||||000 | spa||
020 _a956-13-1114-3
040 _cAR-BaBNM
100 1 _aPuentes de Oyenard, Sylvia
245 0 0 _aEl sapo y la rana
260 _aSantiago de Chile
_bEditorial Andrés Bello
_c1993
300 _a16 p.
_bil.
490 0 _aLecturas infantiles
650 4 _aLIBROS PARA NIÑOS
650 4 _aLITERATURA INFANTIL
650 4 _aCUENTOS DE ANIMALES
653 _aCUENTO MARAVILLOSO
655 _aLITERATURA
700 1 _aLoyola, Anisol
_eilustrador
942 _cBK
998 _cMARTIN
999 _c8267
_d8267